Statistiken für Top 15 der betroffenen Covid-19-Länder - 4. Mai

Klicken Sie hier um das Quiz zu spielen!

Allgemein

  • Dieses Quiz wurde 11 mal gespielt
  • Das Durchschnittsergebnis liegt bei 16 aus 24

Antwortstatistiken

Land% Korrekt
Spanien
100%
Vereinigte Staaten
100%
China
91%
Deutschland
91%
Frankreich
91%
Italien
91%
Russland
91%
Vereinigtes Königreich
91%
Indien
82%
Schweiz
82%
Irland
73%
Schweden
73%
Türkei
73%
Belgien
64%
Belgien
64%
Brasilien
64%
Kanada
64%
Niederlande
55%
Portugal
55%
Iran
45%
Peru
36%
Katar
18%
Singapur
18%
Bahrain
9%

Verteilung der Resultate

Perzentil nach korrekt beantworteten Fragen

Anzahl Personen mit jedem Resultat

Ihre Resultats-Entwicklung

Sie haben dieses Quiz noch nicht gespielt